000 00356 a2200157 4500
001 164425
020 _a
040 _cMagnum
100 _aCunha, Luiz Antonio
240 1 0 _aEducacao, estado e democracia no brasil
_lING
245 1 0 _aEducacao, estado e democracia no brasil
362 0 _a1899
440 1 _aCortez
697 _aENSINO
942 _cBK
999 _c164425
_d164425